Financial Management / (Record no. 460)
[ view plain ]
| 000 -LEADER | |
|---|---|
| fixed length control field | 00556nam a2200205 a 4500 |
| 008 - FIXED-LENGTH DATA ELEMENTS--GENERAL INFORMATION | |
| fixed length control field | 190805r20102014ii a|||gd|||| 0|| ||eng| |
| 020 ## - INTERNATIONAL STANDARD BOOK NUMBER | |
| International Standard Book Number | 9788125937142 |
| Terms of availability | Rs. 595.00 |
| 040 ## - CATALOGING SOURCE | |
| Original cataloging agency | IMU Kochi Library |
| Language of cataloging | eng |
| 041 0# - LANGUAGE CODE | |
| Language code of text/sound track or separate title | eng |
| 044 ## - COUNTRY OF PUBLISHING/PRODUCING ENTITY CODE | |
| MARC country code | India |
| 082 04 - DEWEY DECIMAL CLASSIFICATION NUMBER | |
| Classification number | 658.15 |
| Item number | P1923 |
| Edition number | 23 |
| 100 1# - MAIN ENTRY--PERSONAL NAME | |
| Personal name | Pandey, I. M. |
| 245 10 - TITLE STATEMENT | |
| Title | Financial Management / |
| 250 ## - EDITION STATEMENT | |
| Edition statement | 10th ed. |
| 260 ## - PUBLICATION, DISTRIBUTION, ETC. (IMPRINT) | |
| Place of publication, distribution, etc | New Delhi : |
| Name of publisher, distributor, etc | Vikash Publishing House, |
| Date of publication, distribution, etc | 2015 |
| 300 ## - PHYSICAL DESCRIPTION | |
| Extent | xxiv, 879 p. : |
| Other physical details | ill. ; |
| Dimensions | 28 cm + |
| Accompanying material | 1 CD-ROM |
| 650 #0 - SUBJECT ADDED ENTRY--TOPICAL TERM | |
| Topical term or geographic name as entry element | Finance, Personal |
| Form subdivision | Textbooks |
| 852 ## - LOCATION/CALL NUMBER | |
| Location | IMU Kochi Library |
| 942 ## - ADDED ENTRY ELEMENTS (KOHA) | |
| Item type | Books |
| Withdrawn status | Lost status | Source of classification or shelving scheme | Damaged status | Not for loan | Collection code | Permanent location | Current location | Shelving location | Date acquired | Source of acquisition | Cost, normal purchase price | Full call number | Barcode | Date last seen | Koha item type | Public note |
|---|---|---|---|---|---|---|---|---|---|---|---|---|---|---|---|---|
| Management Studies | IMU Kochi Library | IMU Kochi Library | General Stacks | 2013-12-06 | Reference Book Shop (Inv No. 257 Dt. 2014-02-06) | 595.00 | 658.15 P1923 | BK002642 | 2019-08-08 | Books | Gen. Shelf-23, Row-6 | |||||
| Management Studies | IMU Kochi Library | IMU Kochi Library | General Stacks | 2013-12-06 | Reference Book Shop (Inv No. 257 Dt. 2014-02-06) | 595.00 | 658.15 P1923 | BK002643 | 2019-08-08 | Books | Gen. Shelf-23, Row-6 | |||||
| Management Studies | IMU Kochi Library | IMU Kochi Library | General Stacks | 2013-12-06 | Reference Book Shop (Inv No. 257 Dt. 2014-02-06) | 595.00 | 658.15 P1923 | BK002644 | 2019-08-08 | Books | Gen. Shelf-23, Row-6 | |||||
| Management Studies | IMU Kochi Library | IMU Kochi Library | Staff Office | 2013-12-06 | Accompanying Material (free with textbook) | 658.15 P1923 CD | 002642CD | 2020-09-11 | Compact Disc | Circulation Sec, Drawer No.4 | ||||||
| Management Studies | IMU Kochi Library | IMU Kochi Library | Staff Office | 2013-12-06 | Accompanying Material (free with textbook) | 658.15 P1923 CD | 002643CD | 2020-09-11 | Compact Disc | Circulation Sec, Drawer No.4 | ||||||
| Management Studies | IMU Kochi Library | IMU Kochi Library | Staff Office | 2013-12-06 | Accompanying Material (free with textbook) | 658.15 P1923 CD | 002644CD | 2020-09-11 | Compact Disc | Circulation Sec, Drawer No.4 |